|
|
|
|
| LEADER |
00992nnm a2200229 i 4500 |
| 001 |
eta284 |
| 005 |
20180901180229.0 |
| 008 |
180515s2004 hu o 0|| hun d |
| 040 |
|
|
|a SZTE Elektronikus Tananyag Archívum
|b hun
|
| 041 |
|
|
|a hun
|
| 100 |
2 |
|
|a Szűcsné Péter Judit
|
| 245 |
1 |
0 |
|a Takarmányozástan gyakorlat I.
|h [elektronikus dokumentum] :
|b távoktatási jegyzet az alábbi kurzusokhoz: MMTE 151 Takarmányozástan /
|c Szűcsné Péter Judit
|
| 260 |
|
|
|a Szegedi Tudományegyetem Mezőgazdasági Főiskolai Kar Takarmányozástani Tanszék
|b Hódmezővásárhely
|c 2004
|
| 300 |
|
|
|a 92
|
| 516 |
|
|
|a Book
|
| 650 |
|
4 |
|a Mezőgazdaság-tudományok
|
| 650 |
|
4 |
|a Állattenyésztési és tejtermelési tudomány
|
| 650 |
|
4 |
|a Állattenyésztési és tejtermelési tudomány
|
| 650 |
|
4 |
|a Állattenyésztési technika
|
| 650 |
|
4 |
|a Állatok takarmányozása
|
| 700 |
0 |
1 |
|a Avasi Zoltán
|e aut
|
| 856 |
4 |
0 |
|u https://eta.bibl.u-szeged.hu/284/1/takarmanyozastan_gyakorlat_I.pdf
|z Dokumentum-elérés
|